India in early modern English travel writings : (Record no. 51491)

MARC details
000 -LEADER
fixed length control field 00677nam a2200217Ia 4500
005 - DATE AND TIME OF LATEST TRANSACTION
control field 20260429111930.0
008 - FIXED-LENGTH DATA ELEMENTS--GENERAL INFORMATION
fixed length control field 260429s9999||||xx |||||||||||||| ||und||
020 ## - INTERNATIONAL STANDARD BOOK NUMBER
International Standard Book Number 9789360808198
041 ## - LANGUAGE CODE
Language English
082 ## - DEWEY DECIMAL CLASSIFICATION NUMBER
Classification number 820.9
Item number BAN
100 ## - MAIN ENTRY--PERSONAL NAME
Personal name Banerjee, Rita
245 #0 - TITLE STATEMENT
Title India in early modern English travel writings :
Remainder of title Protestantism, enlightenment, and toleration /
Statement of responsibility, etc Rita Banerjee
250 ## - EDITION STATEMENT
Edition statement 1st ed.
260 ## - PUBLICATION, DISTRIBUTION, ETC. (IMPRINT)
Place of publication, distribution, etc New Delhi :
Name of publisher, distributor, etc Manohar Publishers and Distributors,
Date of publication, distribution, etc 2025.
300 ## - PHYSICAL DESCRIPTION
Extent xi, 275 p.; hb
650 ## - SUBJECT ADDED ENTRY--TOPICAL TERM
Topical term or geographic name as entry element Colonial studies
650 ## - SUBJECT ADDED ENTRY--TOPICAL TERM
Topical term or geographic name as entry element English literature
650 ## - SUBJECT ADDED ENTRY--TOPICAL TERM
Topical term or geographic name as entry element India-Description and travel
650 ## - SUBJECT ADDED ENTRY--TOPICAL TERM
Topical term or geographic name as entry element Travel literature
942 ## - ADDED ENTRY ELEMENTS (KOHA)
Koha item type Text Books
Holdings
Withdrawn status Lost status Damaged status Not for loan Collection code Home library Location Shelving location Date of Cataloging Source of acquisition Total Checkouts Full call number Barcode Date last seen Price effective from Koha item type
        Non-fiction CUTN Central Library CUTN Central Library Literature 29/04/2026 T R Publications, Chennai - Invoice No. TRPHO/2025/CRB/185 on 09-02-2026   820.9 BAN 56510 29/04/2026 29/04/2026 Text Books